000 01220nam a2200313 a 4500
001 ebr10681049
003 CaPaEBR
006 m u
007 cr cn|||||||||
008 130408s2011 nyua sb 001 0 eng d
020 _z9781617289941
020 _z9781617611421 (e-book)
040 _aCaPaEBR
_cCaPaEBR
035 _a(OCoLC)775597063
050 1 4 _aR850
_b.A38 2011eb
082 0 4 _a616
_223
245 0 0 _aAdvances in medicine and biology
_h[electronic resource] .
_nVolume 12 /
_cLeon V. Berhardt, editor.
260 _aNew York :
_bNova Science Publishers, Inc.,
_c2011.
300 _axiii, 170 p. :
_bill.
490 0 _aAdvances in medicine and biology,
_x2157-5398 ;
_vv. 12
504 _aIncludes bibliographical references and index.
533 _aElectronic reproduction.
_bPalo Alto, Calif. :
_cebrary,
_d2013.
_nAvailable via World Wide Web.
_nAccess may be limited to ebrary affiliated libraries.
650 0 _aMedicine
_xResearch.
650 0 _aBiology.
655 7 _aElectronic books.
_2local
700 1 _aBerhardt, Leon V.
710 2 _aebrary, Inc.
856 4 0 _uhttp://site.ebrary.com/lib/rucke/Doc?id=10681049
_zAn electronic book accessible through the World Wide Web; click to view
999 _c60382
_d60382